| 000 | 01145nam1a2200325 4500 | ||
|---|---|---|---|
| 001 | RU\NLR\BIBL_A\022651588 | ||
| 005 | 20260406094236.0 | ||
| 035 | _a(NLR Aleph) 022651588 | ||
| 090 |
_a13466235 _c13466235 |
||
| 100 | _a20251123 rusy50 | ||
| 101 | 0 | _arus | |
| 102 | _aRU | ||
| 105 | _a| z ||||| | ||
| 181 | 0 |
_ai _baxxe |
|
| 182 | 0 | _an | |
| 200 | 1 |
_aКлинок Журавля _eхроники Ведомства наказаний _fТай Хоу _gиллюстрации dorothywei |
|
| 203 |
_aТекст _bвизуальный _cнепосредственный |
||
| 210 |
_aМосква _cЭксмо _d2025- |
||
| 215 | _d22 | ||
| 225 | 1 |
_aЧерный лотос _eориентальные детективные новеллы |
|
| 333 | _a16+ | ||
| 686 | 2 | _aШ6(2=Р)8-445 | |
| 700 | 0 |
_7ca _8rus _aТай Хоу _cпсевдоним _3RU\NLR\AUTH\770286572 _92685738 |
|
| 702 | 0 |
_4440 _7ba _8und _aDorothywei _cпсевдоним _3RU\NLR\AUTH\770286575 _92685741 |
|
| 852 |
_aNLR _j2025-5/9113 |
||
| 942 | _cBOOK | ||
| 980 | _aNB | ||